Elements of African socialism (Record no. 420465)

000 -LEADER
fixed length control field 00342cam a22001217a 4500
008 - FIXED-LENGTH DATA ELEMENTS--GENERAL INFORMATION
fixed length control field 180718b1965 xxu||||| |||| 00| 0 eng d
082 ## - DEWEY DECIMAL CLASSIFICATION NUMBER
Classification number B234x6 On9
100 ## - MAIN ENTRY--PERSONAL NAME
Personal name Onuoha, Father Bede
245 ## - TITLE STATEMENT
Title Elements of African socialism
Statement of responsibility, etc. by Father Bede Onuoha
260 ## - PUBLICATION, DISTRIBUTION, ETC.
Place of publication, distribution, etc. London
Name of publisher, distributor, etc. Andre Deutsch
Date of publication, distribution, etc. 1965
300 ## - PHYSICAL DESCRIPTION
Extent 139p
650 ## - SUBJECT ADDED ENTRY--TOPICAL TERM
Topical term or geographic name entry element Socialism --Africa.
Holdings
Withdrawn status Lost status Damaged status Not for loan Permanent Location Current Location Date acquired Full call number Barcode Date last seen Price effective from Koha item type
        Indian Institute of Public Administration Indian Institute of Public Administration 2009-07-15 B234x6 On9 38826 2018-07-21 2018-07-21 Book

Powered by Koha